00433nam a2200157Ia 45000010006000000050017000060080041000230410008000640820022000721000053000942450096001472600009002433000007002526500008002596540008002671728720260306171506.0260306s9999||||xx |||||||||||||| ||und|| aESP a657.61bI61B 2017 aInternational Financial Reporting StandardseAUT 0aNormas internacionales de información financiera:bemitidas a 1 de enero de 2017. Parte B c2017 ac aGEN aCCO